| 000 | 00843cam a22002415a 4500 | ||
|---|---|---|---|
| 001 | L150809 | ||
| 002 | 18437 | ||
| 008 | 100907s2010 xxk f 000 0 eng d | ||
| 020 | _a9781859463482 | ||
| 035 | _a(Sirsi) u150809 | ||
| 041 | 0 | _aeng | |
| 050 | 0 | 4 | _a692.8 $2 18 |
| 110 | 2 |
_aRoyal Institute of British Architects _92527 |
|
| 245 | 0 | 0 | _aGuide to RIBA agreements 2010 |
| 260 |
_aLondon _bRIBA _c2010 |
||
| 300 |
_a83p. _c30cm. |
||
| 520 | _aProvides guidance on using the RIBA Agreements 2010, which is a suite of contracts for professional services. Should be read in conjunction with "Notes and Model Letters" which accompany each of the contracts in the suite. | ||
| 590 | _aKA | ||
| 651 | 4 |
_aEngland and Wales _y1543- |
|
| 690 |
_aProject management _96261 |
||
| 690 | _aBUILT ENVIRONMENT-BUILDING CONTRACT FORMS | ||
| 942 | _n0 | ||
| 999 |
_c110984 _d110984 |
||